000 00386 a2200133 4500
000 nam a22 7a 4500
100 _aSonajirao, Ghorpade Shahurao
110 _aSonajirao, Ghorpade Shahurao
245 _aSports Medicine, Physiotherapy and Rehabilitation
250 _aLatest edition
260 _bKhel Sahitya Kendra
_c2025
264 _bKhel Sahitya Kendra
_c2025
942 _cBK
999 _c393703
_d393703